[Event "Ohrid Lasker U20 op"]
[Site "Ohrid"]
[Date "2018.10.11"]
[Round "2"]
[White "Naymanova, Patricie"]
[Black "Popzafirov, Danail"]
[Result "1-0"]
[WhiteElo "1839"]
[BlackElo "1320"]
[PlyCount "163"]
[EventDate "2018.10.11"]
[EventType "swiss"]
[EventRounds "7"]
[EventCountry "MKD"]
[SourceTitle "CBM 186 Extra"]
[Source "ChessBase"]
[SourceDate "2018.08.24"]
[SourceVersion "1"]
[SourceVersionDate "2018.08.24"]
[SourceQuality "1"]

1. d4 Nf6 2. c4 g6 3. Nc3 Bg7 4. h4 d6 5. e4 0-0 6. f3 Nfd7 7. Be3 e5 8. d5 c6 9. Qd2 c5 10. h5 a6 11. Bg5 Nf6 12. hxg6 fxg6 13. 0-0-0 b5 14. cxb5 axb5 15. Bxb5 Bd7 16. Bxd7 Nbxd7 17. Bh6 Rf7 18. Bxg7 Rxg7 19. Nge2 c4 20. Kb1 Nc5 21. Nc1 Qb6 22. g4 Rb8 23. Rh2 Rbb7 24. Qe2 Nfd7 25. Qxc4 Nb8 26. Na4 Nxa4 27. Qxa4 Nd7 28. Qc6 Qa7 29. Rc2 Qb8 30. Qc8+ Qxc8 31. Rxc8+ Kf7 32. Nb3 Nb6 33. Rc6 Ke7 34. Rdc1 Rf7 35. Rc7+ Rxc7 36. Rxc7+ Nd7 37. Rc3 h5 38. gxh5 gxh5 39. Kc2 h4 40. Kd2 h3 41. Ke3 Kf6 42. f4 Rg7 43. fxe5+ Nxe5 44. Rc1 Ng4+ 45. Kf4 Ne5 46. Rh1 Rg4+ 47. Ke3 Rg3+ 48. Ke2 Kg5 49. Nd4 Kg4 50. Rh2 Kf4 51. Nf5 Rf3 52. Rf2 Rxf2+ 53. Kxf2 Ng4+ 54. Kg1 Kxe4 55. Nxd6+ Kxd5 56. Nb5 Ke4 57. Nc3+ Kf3 58. Nd1 h2+ 59. Kh1 Ke2 60. Nc3+ Kd3 61. a4 Kc4 62. a5 Kc5 63. Kg2 h1Q+ 64. Kxh1 Nf2+ 65. Kg2 Ng4 66. b4+ Kc6 67. b5+ Kb7 68. Nd5 Ne5 69. Ne3 Nf7 70. Nc4 Nd8 71. Kf3 Nc6 72. bxc6+ Kxc6 73. Ke4 Kc5 74. Ke5 Kb5 75. Kd6 Ka6 76. Kc6 Ka7 77. Kb5 Kb7 78. Nd6+ Ka7 79. a6 Kb8 80. Kb6 Ka8 81. Ne8 Kb8 82. a7+ 1-0

[Event "EU-ch U12 Girls 27th"]
[Site "Mamaia"]
[Date "2017.09.12"]
[Round "7"]
[White "Naymanova, Patricie"]
[Black "Goraj, Barbara"]
[Result "0-1"]
[WhiteElo "1628"]
[BlackElo "1711"]
[PlyCount "80"]
[EventDate "2017.09.05"]
[EventType "swiss"]
[EventRounds "9"]
[EventCountry "ROU"]
[SourceTitle "CBM 180 Extra"]
[Source "ChessBase"]
[SourceDate "2017.10.06"]
[SourceVersion "1"]
[SourceVersionDate "2017.10.06"]
[SourceQuality "1"]

1. d4 Nf6 2. Nf3 g6 3. Bf4 Bg7 4. e3 0-0 5. Bd3 d6 6. h3 Nfd7 7. Bh2 e5 8. dxe5 dxe5 9. c3 Qe7 10. Nbd2 Nc5 11. Bc2 a5 12. Qe2 b6 13. 0-0 Ba6 14. c4 Nc6 15. Ne4 f5 16. Nxc5 Qxc5 17. Rad1 Bxc4 18. Qxc4+ Qxc4 19. Bb3 Qxb3 20. axb3 Rfd8 21. Rc1 Rd6 22. Rc2 Rad8 23. Rfc1 Rd1+ 24. Ne1 Rxc1 25. Rxc1 Rd6 26. Kf1 Kf7 27. Nc2 Ke7 28. Na3 Kd7 29. Ke2 Rd5 30. Nc4 b5 31. Nd2 Bf8 32. Nf3 Be7 33. g4 e4 34. Ne1 Bd6 35. Bg1 Be5 36. Rb1 h6 37. f4 Bf6 38. gxf5 Rxf5 39. Nc2 Rh5 40. Rd1+ Ke6 0-1

[Event "EU-ch U12 Girls 27th"]
[Site "Mamaia"]
[Date "2017.09.05"]
[Round "1"]
[White "Lukac, Alina"]
[Black "Naymanova, Patricie"]
[Result "1/2-1/2"]
[WhiteElo "1212"]
[BlackElo "1628"]
[PlyCount "98"]
[EventDate "2017.09.05"]
[EventType "swiss"]
[EventRounds "9"]
[EventCountry "ROU"]
[SourceTitle "CBM 180 Extra"]
[Source "ChessBase"]
[SourceDate "2017.10.06"]
[SourceVersion "1"]
[SourceVersionDate "2017.10.06"]
[SourceQuality "1"]

1. e4 e6 2. e5 d5 3. exd6 Bxd6 4. d4 Nd7 5. c4 c5 6. Nf3 Ngf6 7. Bd3 Qc7 8. h3 cxd4 9. Nxd4 Qa5+ 10. Bd2 Qe5+ 11. Be3 Bb4+ 12. Nc3 Qa5 13. Bd2 Nc5 14. Qe2 0-0 15. 0-0 e5 16. Nc2 Nxd3 17. Qxd3 Rd8 18. Qe2 Be6 19. Nxb4 Qxb4 20. b3 Qd6 21. Bg5 Qd3 22. Qxd3 Rxd3 23. Bxf6 gxf6 24. Ne4 f5 25. Nc5 Rd6 26. Nxb7 Rc6 27. Rfd1 a6 28. Rd2 Rb8 29. Nd6 Rd8 30. Rad1 Rd7 31. Ne8 Re7 32. Rd8 Kf8 33. Nc7+ Kg7 34. Nxe6+ fxe6 35. R8d7 Kf6 36. Rxe7 Kxe7 37. Kf1 a5 38. Ke2 a4 39. Rd3 axb3 40. axb3 Ra6 41. Ke3 Ra1 42. f3 f4+ 43. Ke2 Rg1 44. Kf2 Rb1 45. g4 Rb2+ 46. Kg1 Rb1+ 47. Kg2 Rb2+ 48. Kg1 Rb1+ 49. Kg2 Rb2+ 1/2-1/2

[Event "Sofia MGU op 184th"]
[Site "Sofia"]
[Date "2017.04.01"]
[Round "3"]
[White "Hristov, Hristo Mitov"]
[Black "Naymanova, Patricie"]
[Result "1-0"]
[WhiteElo "2134"]
[BlackElo "1499"]
[PlyCount "67"]
[EventDate "2017.04.01"]
[EventType "swiss"]
[EventRounds "6"]
[EventCountry "BUL"]
[SourceTitle "CBM 177 Extra"]
[Source "ChessBase"]
[SourceDate "2017.04.27"]
[SourceVersion "1"]
[SourceVersionDate "2017.04.27"]
[SourceQuality "1"]

1. e4 c6 2. d4 d5 3. Nd2 dxe4 4. Nxe4 Bf5 5. Ng3 Bg6 6. h4 h6 7. f4 e6 8. Nf3 Nd7 9. h5 Bh7 10. Bd3 Bxd3 11. Qxd3 Ngf6 12. Bd2 Qc7 13. Ne5 Nxe5 14. fxe5 Nd5 15. c4 Nb6 16. c5 Nd5 17. Ne4 0-0-0 18. 0-0-0 b6 19. Nd6+ Bxd6 20. exd6 Qb7 21. Rdf1 Nf6 22. Qe2 Rhf8 23. Bxh6 Nxh5 24. Rxh5 gxh6 25. Rxh6 bxc5 26. dxc5 Qb4 27. Qc2 Kd7 28. Rxe6 Kc8 29. Re7 a6 30. a3 Qa5 31. Rc7+ Kb8 32. Qb3+ Qb5 33. Qxb5+ cxb5 34. Rfxf7 1-0